|
|
|
|
| LEADER |
01073nam a22001937i 4500 |
| 005 |
20161007130044.0 |
| 008 |
161007s1990 gr ||||f |||| 000 0 gre d |
| 040 |
|
|
|a GR-PaULI
|b gre
|c GR-PaULI
|
| 041 |
0 |
|
|a gre
|
| 082 |
0 |
4 |
|2 23
|a 324.909 495
|
| 245 |
0 |
3 |
|a Οι εκλογές της 8ης Απριλίου 1990 :
|b η ολοκληρωμένη εικόνα των τριών εκλογικών αναμετρήσεων Ιουνίου-Νοεμβρίου-Απριλίου.
|
| 260 |
|
|
|a Αθήνα :
|b Το Ποντίκι,
|c 1990.
|
| 300 |
|
|
|a 143 σ. :
|b πίν. ;
|c 21 εκ.
|
| 500 |
|
|
|a Τα αποτελέσματα κατά νομό. Οι σταυροί που πήραν όλοι οι υποψήφιοι (βουλευτές και μη) όλων των κομμάτων σε όλη τη χώρα. Μίνι βιογραφικά και φωτογραφίες των βουλευτών.
|
| 650 |
|
4 |
|9 82971
|a Εκλογές
|z Ελλάδα
|
| 651 |
|
4 |
|9 157398
|a Ελλάδα
|x Βουλή
|x Εκλογές, 1990
|
| 942 |
|
|
|2 ddc
|c BKN
|
| 998 |
|
|
|c ΒΑΣΙΛΕΙΟΥ
|d 2016-10
|
| 999 |
|
|
|c 125399
|d 125399
|